000 00507nam a2200181Ia 4500
005 20250508153705.0
008 008 250505s9999 xx 000 0 eng d
037 _aTextual
040 _aFEDL
_beng
_cFEDL
041 _aeng
_2eng
084 _a372.21, HAN
_qFEDL
100 _aHanna Lavone A
245 0 _aUnit teaching in the elementary school
260 _aNew York, USA
_bRinehart and Company
_c1956
300 _ax,592p.
942 _cTEXL
_h372.21, HAN
999 _c1344791
_d1344791